[Event "Satka Metallurg op"]
[Site "Satka"]
[Date "2012.07.04"]
[Round "3"]
[White "Looshnikov, Nikolai"]
[Black "Khazhipov, Timur"]
[Result "1-0"]
[WhiteElo "2484"]
[BlackElo "2085"]
[PlyCount "65"]
[EventDate "2012.07.02"]
[EventType "swiss"]
[EventRounds "9"]
[EventCountry "RUS"]
[SourceTitle "EXT 2013"]
[Source "ChessBase"]
[SourceDate "2012.11.22"]
[SourceVersion "1"]
[SourceVersionDate "2012.11.22"]
[SourceQuality "1"]

1. e4 c5 2. Nf3 d6 3. c3 Nf6 4. Bc4 Nc6 5. d3 e6 6. Bb3 Be7 7. 0-0 0-0 8. Re1 d5 9. Nbd2 b5 10. e5 Nd7 11. Nf1 f5 12. exf6 Nxf6 13. Ng3 h6 14. d4 Bd6 15. Bc2 Qc7 16. Be3 c4 17. Nh4 e5 18. dxe5 Nxe5 19. Nhf5 Bxf5 20. Bxf5 Rae8 21. Qd4 Nc6 22. Qh4 Qf7 23. Bc2 Bxg3 24. hxg3 Re6 25. g4 Rfe8 26. Rf1 Ne4 27. Rad1 Ne7 28. Rfe1 Ng6 29. Qh5 Re5 30. Qh2 Nc5 31. Rf1 Na4 32. Rd2 Rf8 33. Bxg6 1-0

[Event "Cheliabinsk EKRO Cup 11th"]
[Site "Cheliabinsk"]
[Date "2012.05.02"]
[Round "1"]
[White "Markov, Igor"]
[Black "Khazhipov, Timur"]
[Result "0-1"]
[WhiteElo "1767"]
[BlackElo "2069"]
[PlyCount "76"]
[EventDate "2012.05.02"]
[EventType "swiss"]
[EventRounds "9"]
[EventCountry "RUS"]
[SourceTitle "CBM 148 Extra"]
[Source "ChessBase"]
[SourceDate "2012.06.22"]
[SourceVersion "1"]
[SourceVersionDate "2012.06.22"]
[SourceQuality "1"]

1. d4 d5 2. c4 c6 3. Nc3 Nf6 4. Bg5 dxc4 5. e3 b5 6. a4 b4 7. Bxf6 bxc3 8. Be5 Qa5 9. bxc3 Qxc3+ 10. Ke2 Ba6 11. Rc1 Qa5 12. Qc2 Nd7 13. Nf3 e6 14. Kd1 Nb6 15. Bc7 Qxa4 16. Qxa4 Nxa4 17. Ne5 f6 18. Nxc4 Bxc4 19. Bxc4 Kd7 20. Bg3 Nb2+ 21. Ke2 Nxc4 22. Rxc4 a5 23. f3 Bb4 24. Rhc1 Ra6 25. Ra1 Rb6 26. Be1 Rhb8 27. Bxb4 axb4 28. Rb1 Kd6 29. Rb3 Rb5 30. Kd3 e5 31. g3 exd4 32. exd4 Kd5 33. f4 h5 34. Rc2 Ra8 35. Rcb2 Ra3 36. h3 Rba5 37. Rxa3 Rxa3+ 38. Ke2 Kc4 0-1

[Event "Cheliabinsk Region-ch"]
[Site "Cheliabinsk"]
[Date "2012.02.18"]
[Round "1"]
[White "Kholopov, Alexander A"]
[Black "Khazhipov, Timur"]
[Result "1/2-1/2"]
[WhiteElo "2337"]
[BlackElo "2002"]
[PlyCount "65"]
[EventDate "2012.02.18"]
[EventType "swiss"]
[EventRounds "9"]
[EventCountry "RUS"]
[SourceTitle "EXT 2014"]
[Source "ChessBase"]
[SourceDate "2013.11.20"]
[SourceVersion "1"]
[SourceVersionDate "2013.11.20"]
[SourceQuality "1"]

1. d4 g6 2. e4 Bg7 3. c4 d6 4. Nc3 e6 5. Be3 Nd7 6. Qd2 b6 7. Bd3 Bb7 8. Nge2 a6 9. f3 h5 10. 0-0-0 Ne7 11. Kb1 c6 12. f4 Qc7 13. e5 d5 14. cxd5 cxd5 15. Rc1 Nc6 16. g3 Bf8 17. h3 0-0-0 18. g4 b5 19. f5 gxf5 20. gxf5 Nb6 21. Bg5 Be7 22. b3 Kb8 23. Rhg1 Rdg8 24. Kb2 Qd8 25. Bxe7 Qxe7 26. Qf4 Ka8 27. fxe6 fxe6 28. Qf6 Qd7 29. Rxg8+ Rxg8 30. Rf1 Rg2 31. Rf2 Rxf2 32. Qxf2 Qe8 33. Nf4 1/2-1/2

[Event "Cheliabinsk-ch sf"]
[Site "Cheliabinsk"]
[Date "2011.12.24"]
[Round "7"]
[White "Litvinenko, Ekaterina"]
[Black "Khazhipov, Timur"]
[Result "1-0"]
[WhiteElo "1893"]
[BlackElo "2002"]
[PlyCount "62"]
[EventDate "2011.12.11"]
[EventType "swiss"]
[EventRounds "9"]
[EventCountry "RUS"]
[SourceTitle "EXT 2022"]
[Source "ChessBase"]
[SourceDate "2021.10.06"]
[SourceVersion "1"]
[SourceVersionDate "2021.10.06"]
[SourceQuality "1"]

1. e4 c5 2. Nf3 e6 3. d4 cxd4 4. Nxd4 Nf6 5. Bd3 d5 6. e5 Nfd7 7. Nxe6 Bb4+ 8. c3 fxe6 9. Qh5+ Kf8 10. cxb4 Nc6 11. 0-0 Ncxe5 12. Bc2 Nf7 13. Nc3 Nf6 14. Qe2 Bd7 15. Be3 e5 16. Bc5+ Kg8 17. b5 Rc8 18. Bb4 Qb6 19. Bb3 Be6 20. Rfd1 Rxc3 21. bxc3 Bg4 22. Qd3 Bxd1 23. Rxd1 g6 24. Bxd5 Nxd5 25. Qxd5 Kg7 26. Rc1 Rc8 27. a4 Qc7 28. h3 b6 29. f4 Re8 30. Qf3 Qd7 31. Kh2 Qd2 1-0

[Event "Satka Governor Cup"]
[Site "Satka"]
[Date "2011.08.20"]
[Round "8"]
[White "Aulia, Medina Warda"]
[Black "Khazhipov, Timur"]
[Result "1/2-1/2"]
[WhiteElo "2058"]
[BlackElo "2024"]
[PlyCount "131"]
[EventDate "2011.08.16"]
[EventType "swiss"]
[EventRounds "9"]
[EventCountry "RUS"]
[SourceTitle "CBM 144 Extra"]
[Source "ChessBase"]
[SourceDate "2011.10.28"]
[SourceVersion "1"]
[SourceVersionDate "2011.10.28"]
[SourceQuality "1"]

1. e4 c5 2. Nf3 d6 3. d4 cxd4 4. Nxd4 Nf6 5. Nc3 a6 6. a4 b6 7. Be2 Bb7 8. Bf3 Qc7 9. 0-0 g6 10. Bg5 Nbd7 11. Qd2 Bg7 12. Rfe1 h6 13. Be3 Ne5 14. Rad1 Nc4 15. Qc1 Nxe3 16. Qxe3 e6 17. Ndb5 axb5 18. Nxb5 Qe7 19. Nxd6+ Kf8 20. Qxb6 Rb8 21. Qa7 Qc7 22. a5 Ne8 23. Nxe8 Kxe8 24. a6 Be5 25. axb7 Rxb7 26. Qa8+ Ke7 27. Qa3+ Kf6 28. c3 Rhb8 29. b4 Bxh2+ 30. Kh1 Be5 31. Rd3 Qc4 32. Red1 Rc7 33. Qc1 Kg7 34. Qe3 Qb3 35. Rc1 Rbc8 36. Bd1 Qa3 37. f4 Rxc3 38. Rcxc3 Rxc3 39. Rxc3 Bxc3 40. b5 Qb4 41. Qd3 Bd4 42. Kh2 Bb6 43. Qe2 Qd4 44. Bc2 Bc7 45. g3 Bb6 46. Kg2 Qg1+ 47. Kf3 Qh1+ 48. Qg2 Qh5+ 49. g4 Qxb5 50. Qe2 Qc5 51. Bd3 Qg1 52. e5 Bd4 53. Bc2 Qc1 54. Ke4 Bc5 55. Kf3 g5 56. f5 Qf4+ 57. Kg2 Bd4 58. fxe6 fxe6 59. Bb3 Kf7 60. Qf3 Bxe5 61. Qxf4+ gxf4 62. Kf3 Kf6 63. Ba2 Bc7 64. Bc4 e5 65. Bd5 Kg5 66. Be4 1/2-1/2

[Event "Cheliabinsk Kibizov Memorial 6th"]
[Site "Cheliabinsk"]
[Date "2011.06.26"]
[Round "3"]
[White "Arkhipenko, Daniil"]
[Black "Khazhipov, Timur"]
[Result "0-1"]
[WhiteElo "2203"]
[BlackElo "2075"]
[PlyCount "122"]
[EventDate "2011.06.24"]
[EventType "swiss"]
[EventRounds "9"]
[EventCountry "RUS"]
[SourceTitle "EXT 2022"]
[Source "ChessBase"]
[SourceDate "2021.10.06"]
[SourceVersion "1"]
[SourceVersionDate "2021.10.06"]
[SourceQuality "1"]

1. d4 d5 2. c4 c6 3. Nf3 Nf6 4. e3 Bf5 5. Nc3 e6 6. Be2 h6 7. 0-0 Be7 8. Bd2 Nbd7 9. Rc1 0-0 10. Nh4 Bh7 11. f4 Ne4 12. Nf3 Nxd2 13. Qxd2 Nf6 14. c5 b5 15. cxb6 axb6 16. Ne5 Qd6 17. Bd3 Bxd3 18. Qxd3 Rfc8 19. f5 exf5 20. Qxf5 c5 21. Rcd1 Qe6 22. Qxe6 fxe6 23. Ng6 Kf7 24. Ne5+ Ke8 25. Rf3 b5 26. a3 b4 27. axb4 cxb4 28. Ne2 Rc2 29. Nf4 Ra6 30. Nfd3 Ra2 31. Rf2 Rc7 32. Nf4 Ra6 33. Ned3 Ne4 34. Rff1 g5 35. Ng6 Bd6 36. Ra1 Rxa1 37. Rxa1 Kf7 38. Nge5+ Ke7 39. Nf3 g4 40. Nfe5 h5 41. Rf1 Bxe5 42. Nxe5 Rc2 43. Nd3 b3 44. Rd1 Re2 45. Kf1 Rxe3 46. Nf4 h4 47. Ng6+ Kf6 48. Nxh4 Nd6 49. Kf2 Nc4 50. g3 Nxb2 51. Kxe3 Nxd1+ 52. Kd2 Ne3 53. Kc3 Nf1 54. Ng2 Nxh2 55. Nf4 Nf3 56. Ne2 Kf5 57. Kxb3 Ke4 58. Kc3 Ke3 59. Nf4 Nxd4 60. Ng6 Ne2+ 61. Kc2 Nxg3 0-1

[Event "UrFO-ch op"]
[Site "Cheliabinsk"]
[Date "2011.03.26"]
[Round "8"]
[White "Rodionov, Nikolai"]
[Black "Khazhipov, Timur"]
[Result "0-1"]
[WhiteElo "1824"]
[BlackElo "2069"]
[PlyCount "122"]
[EventDate "2011.03.19"]
[EventType "swiss"]
[EventRounds "9"]
[EventCountry "RUS"]
[SourceTitle "EXT 2012"]
[Source "ChessBase"]
[SourceDate "2011.11.24"]
[SourceVersion "1"]
[SourceVersionDate "2011.11.24"]
[SourceQuality "1"]

1. e4 c5 2. Nf3 e6 3. d4 cxd4 4. Nxd4 Nf6 5. Bd3 d5 6. exd5 Nxd5 7. 0-0 Be7 8. c3 Bd7 9. Nd2 Nc6 10. N2f3 a6 11. Qe2 Qc7 12. Bd2 Nf4 13. Bxf4 Qxf4 14. Rfe1 0-0 15. Qc2 h6 16. Re4 Qc7 17. Rae1 Bf6 18. Ne2 Ne7 19. Ng3 Bc6 20. Rg4 g6 21. h4 Bg7 22. Ne2 f5 23. Rg3 e5 24. Bc4+ Kh8 25. Bb3 f4 26. Rh3 Bd7 27. Rh2 Bf5 28. Qc1 Nc6 29. Ng5 Rad8 30. Ne6 Bxe6 31. Bxe6 e4 32. g3 Ne5 33. Nxf4 Nf3+ 34. Kh1 Rxf4 35. gxf4 Nxe1 36. Qxe1 Qxf4 37. Qe3 Rd1+ 38. Kg2 Qxe3 39. fxe3 Be5 40. Rh1 Rd2+ 41. Kh3 h5 42. b3 b6 43. a4 Re2 44. Bc4 Rxe3+ 45. Kg2 Rxc3 46. Re1 Rg3+ 47. Kf1 Rg4 48. Bd5 Rxh4 49. Rxe4 Rxe4 50. Bxe4 Kg7 51. Kg2 g5 52. Bd3 a5 53. Bc4 g4 54. Be6 Kf6 55. Bd5 Kg5 56. Bc6 h4 57. Kh1 h3 58. Bd7 Bd4 59. Bc8 Kh4 60. Bb7 g3 61. Bc6 Kg5 0-1

[Event "Cheliabinsk-ch"]
[Site "Cheliabinsk"]
[Date "2011.03.02"]
[Round "5"]
[White "Gromak, Ivan"]
[Black "Khazhipov, Timur"]
[Result "0-1"]
[WhiteElo "1777"]
[BlackElo "2029"]
[PlyCount "76"]
[EventDate "2011.02.26"]
[EventType "swiss"]
[EventRounds "9"]
[EventCountry "RUS"]
[SourceTitle "CBM 141 Extra"]
[Source "ChessBase"]
[SourceDate "2011.05.03"]
[SourceVersion "1"]
[SourceVersionDate "2011.05.03"]
[SourceQuality "1"]

1. c4 e6 2. d4 d5 3. Nf3 c6 4. g3 Nf6 5. Bg2 dxc4 6. Ne5 Nbd7 7. Nxc4 Nb6 8. Nxb6 axb6 9. 0-0 Bd6 10. Nc3 e5 11. d5 c5 12. e4 Bd7 13. f4 b5 14. Qe2 Qb6 15. Qe1 b4 16. Ne2 c4+ 17. Kh1 0-0 18. f5 Bc5 19. h3 Be3 20. g4 Rfc8 21. Qg3 Bxc1 22. Rfxc1 Qd6 23. g5 Ne8 24. Ng1 Kh8 25. Nf3 f6 26. Rg1 Qe7 27. gxf6 gxf6 28. Bf1 Nd6 29. Qh4 Rg8 30. Be2 Rxg1+ 31. Kxg1 Ba4 32. a3 Bc2 33. Nd2 b5 34. Rc1 b3 35. Kf2 Rc8 36. Rg1 Qa7+ 37. Kf3 Qxg1 38. Qxf6+ Qg7 0-1

[Event "Cheliabinsk Postovalov Memorial 5th"]
[Site "Cheliabinsk"]
[Date "2011.01.06"]
[Round "2"]
[White "Frolov, Ivan"]
[Black "Khazhipov, Timur"]
[Result "1-0"]
[WhiteElo "2202"]
[BlackElo "2029"]
[PlyCount "75"]
[EventDate "2011.01.06"]
[EventType "swiss"]
[EventRounds "9"]
[EventCountry "RUS"]
[SourceTitle "CBM 140 Extra"]
[Source "ChessBase"]
[SourceDate "2011.03.01"]
[SourceVersion "1"]
[SourceVersionDate "2011.03.01"]
[SourceQuality "1"]

1. e4 c5 2. Nf3 d6 3. c3 Nf6 4. Bc4 e6 5. Qe2 Nc6 6. Bb3 d5 7. e5 Nd7 8. d4 c4 9. Bc2 b5 10. 0-0 a5 11. Ng5 Be7 12. Qh5 g6 13. Qh6 Bf8 14. Qh3 Qe7 15. b3 Bb7 16. bxc4 bxc4 17. Na3 Ba6 18. Ba4 Na7 19. Rb1 Nc8 20. Nc2 Bg7 21. f4 h6 22. Nf3 0-0 23. Ba3 Qd8 24. Bxf8 Bxf8 25. Bc6 Ra7 26. g4 Ne7 27. Bb5 Nb6 28. Nh4 Bxb5 29. Rxb5 Na4 30. f5 g5 31. Ng2 exf5 32. gxf5 Qd7 33. Rbb1 Ra6 34. Rbe1 f6 35. exf6 Rxf6 36. Nce3 Nxc3 37. Ng4 Rxf5 38. Nf6+ 1-0